000 00478nam a2200181Ia 4500
008 230917s9999||||xx |||||||||||||| ||und||
020 _cRS1299
040 _e247660
_aMAIN
041 _aEnglish
082 _a658.3 R18H(3)
100 _aRao, V S P
245 0 _aHuman resource management: Text and cases
250 _a3rd ed.
260 _aDelhi
_bExcel Books
_c2016
300 _axxiii, 839 p.
500 _a3338 03/12/2018 HBD18/7450 09/07/2018 IHTM (SFS)
942 _cBK
999 _c29133
_d29133